Quizzes
Events
Quiz Creation
Community
Videos
Private Events
Remove Ads
Sign In
Join for FREE
Feedback
Dark Mode
Quiz Categories
Sports
Geography
Music
Movies
Television
Just For Fun
Miscellaneous
History
Literature
Language
Science
Gaming
Entertainment
Religion
Holiday
For Kids
Quiz Lab
Recent
Popular Today
Quiz Kudos Today
Editor Picks
Curator Picks
Quizzes by...
Day
Popularity
Type
Ratings
Length
Year
Community
Subscriptions
Recent Discussions
Orange Saloon
Badges
Playlists
Quests
Create
Leaderboards
Showdown
Live 5
Trivia Bingo
Activity
Puzzle Library
Sporcle Events
Private Events
Virtual Trivia
Globe League
Become a Host
Pub Owners
SporcleCon
Opinionation
Our Games
Videos
Blog
Mobile Apps
Partnerships
Remove Ads and Go Orange
Feedback
Gaming
Video Games
Board Games
Card Games
Pokémon
Mario
Nintendo
Minecraft
Console
Toys
Legend of Zelda
Gaming
Video Games
Board Games
Card Games
Pokémon
Mario
Nintendo
Minecraft
Console
Toys
Legend of Zelda
Random Quiz
Search Sporcle
×
Quiz Lab
Quiz Lab
Gaming
War
Type in answers that appear in a list
Type in answers that appear in a list
Classic
Best Score? Go Orange.
Trivia: Guild Wars Towns and Outposts Stats
Can you name the Guild Wars Towns and Outposts?
By
BelgianGuy
12m
93 Questions
91 Plays
91 Plays
91 Plays
Comments
Comments
Give Quiz Kudos
Give Quiz Kudos
-
- Ratings
hide this ad
Replay
Link that replays current quiz
Next Quiz
Link to next quiz in quiz playlist
You Got
0%
They Got
Avg Score
28%
Avg Friend Score
Upgrade to see
Score Distribution
Jump to the score distribution portion of the page
Score
0/93
Timer
12:00
0
Plays Today
Region
Name
% Correct
Ascalon
Ascalon City
93.4%
Kryta
Lion's Arch
84.6%
Northern Shiverpeaks
Yak's Bend
60.4%
Southern Shiverpeaks
Droknar's Forge
60.4%
Istan
Kamadan, Jewel of Istan
59.3%
Shing Jea Island
Shing Jea Monastery
57.1%
Ascalon
Sardelac Sanitarium
53.8%
Crystal Desert
The Amnoon Oasis
52.7%
Kaineng City
Kaineng Center
52.7%
The Jade Sea
Cavalon
52.7%
Ascalon
Piken Square
51.6%
Kourna
Sunspear Sanctuary
50.5%
Tarnished Coast
Rata Sum
50.5%
Kryta
Temple of the Ages
49.5%
Maguuma Jungle
Henge of Denravi
49.5%
Kryta
Beetletun
48.4%
Echovald Forest
House Zu Heltzer
47.3%
Far Shiverpeaks
Eye of the North
47.3%
Ring of Fire Islands
Ember Light Camp
46.2%
Maguuma Jungle
Ventari's Refuge
42.9%
Ascalon
Grendich Courthouse
39.6%
Kaineng City
The Marketplace
39.6%
Ascalon
Serenity Temple
38.5%
Far Shiverpeaks
Gunnar's Hold
38.5%
Far Shiverpeaks
Olafstead
38.5%
Realm of Torment
Gate of Torment
37.4%
Northern Shiverpeaks
Ice Tooth Cave
36.3%
Kryta
Bergen Hot Springs
36.3%
Southern Shiverpeaks
Deldrimor War Camp
36.3%
Echovald Forest
Vasburg Armory
36.3%
Charr Homelands
Doomlore Shrine
36.3%
Region
Name
% Correct
Kaineng City
Senji's Corner
35.2%
The Desolation
Bone Palace
35.2%
Far Shiverpeaks
Sifhalla
35.2%
Maguuma Jungle
Maguuma Stade
33%
Northern Shiverpeaks
Beacon's Perch
31.9%
Shing Jea Island
Ran Musu Gardens
31.9%
Shing Jea Island
Seitung Harbor
31.9%
Istan
Sunspear Great Hall
31.9%
Tarnished Coast
Gadd's Encampment
31.9%
Far Shiverpeaks
Longeye's Ledge
30.8%
Far Shiverpeaks
Boreal Station
29.7%
Istan
The Astralarium
28.6%
Echovald Forest
Saint Anjeka's Shrine
27.5%
Tarnished Coast
Vlox's Falls
27.5%
Echovald Forest
Aspenwood Gate
26.4%
Echovald Forest
Durheim Archives
26.4%
The Jade Sea
Aspenwood Gate
26.4%
Vabbi
The Kodash Bazar
26.4%
Ascalon
Frontier Gate
25.3%
Kryta
Fishermen's Haven
25.3%
Maguuma Jungle
Druid's Overlook
25.3%
Kourna
Yohlon Haven
24.2%
Vabbi
Chantry of Secrets
23.1%
Realm of Torment
Gate of Secrets
22%
Southern Shiverpeaks
The Granite Citadel
20.9%
The Jade Sea
Harvest Temple
19.8%
Southern Shiverpeaks
Marhan's Grotto
18.7%
Shing Jea Island
Tsumei Village
18.7%
Southern Shiverpeaks
Copperhammer Mines
16.5%
Echovald Forest
Jade Flats
16.5%
Istan
Champion's Dawn
15.4%
Region
Name
% Correct
Maguuma Jungle
Quarrel Falls
14.3%
Southern Shiverpeaks
Camp Rankor
14.3%
Echovald Forest
Brauer Academy
14.3%
Kaineng City
Zin Ku Corridor
13.2%
Realm of Torment
Gate of the Nightfallen Lands
13.2%
Tarnished Coast
Tarnished Haven
13.2%
Southern Shiverpeaks
Port Sledge
12.1%
The Jade Sea
Leviathan Pits
12.1%
Realm of Torment
Gate of Fear
12.1%
Tarnished Coast
Umbral Grotto
12.1%
Crystal Desert
Heroes' Audience
11%
Echovald Forest
Lutgardis Conservatory
11%
The Jade Sea
Eredon Terrace
11%
Vabbi
Basalt Grotto
9.9%
Kaineng City
Maatu Keep
8.8%
Echovald Forest
Tanglewood Copse
8.8%
The Jade Sea
Breaker Hollow
8.8%
Vabbi
Mihanu Township
8.8%
The Desolation
The Mouth of Torment
8.8%
Crystal Desert
Seeker's Passage
7.7%
The Jade Sea
Bai Paasu Reach
7.7%
Istan
Beknur Harbor
7.7%
Istan
Kodlonu Hamlet
7.7%
Vabbi
Honur Hill
7.7%
Crystal Desert
Destiny's Gorge
6.6%
Kourna
Camp Jokanu
6.6%
Vabbi
Yahnur Market
6.6%
The Desolation
Lair of the Forgotten
6.6%
The Jade Sea
Seafarer's Rest
4.4%
Vabbi
Wehhan Terraces
4.4%
Crystal Desert
Tomb of the Primaveral Kings
2.2%
Quiz Playlist
Details
Report
Send in Message
Add To Playlist
Classic:
Type in answers that appear in a list
Last Updated: Feb 16, 2017
Quiz Scoreboard
CHALLENGE
Sign Up to Join the Scoreboard
Show All
Scores
Hide
Comments
May contain spoilers
Recently Published
NBA Finals Game Top Scorers (2010s)
by flibbidy
Sports
5m
Guess the 'R' Things in 3 Words
by MSUKent
Miscellaneous
3m
Actor to Badly Drawn Movie III
by MoMosMoProblems
Movies
5m
More to Explore
Quiz From the Vault
Featured Blog Post
Where Does Lost Luggage Go?
hide this ad
You Might Also Like...
Tags
War Quiz
guild
Guild Wars
region
Town
Today's Top Quizzes in Gaming
Browse Gaming
hide this ad
Today's Top Quizzes in War
Browse War
Top Contributed Quizzes in Gaming
1
Video Game Rainbow Blitz
2
Genshin Impact Logic Puzzle
3
Pokémon Gen IV Logic Puzzle (HARD)
4
Rainbow Six Siege Operators by Picture
5
Genshin Impact Logic Puzzle Quiz
6
Pokémon Logic Puzzle (DIFFICULT)
7
Ordering Roman Numerals: Pokémon
8
Magic: the Gathering Set Symbols - LCI
9
St. Patrick's Pick: Gaming
10
Wii Remote Buttons
Explore More
Trending Topics
Marvel
Harry Potter
Disney
Anime
Crossword
NBA
Kpop
Pokémon
Song
WWE
The Office
Puzzle
Soccer
Country
NFL
hide this ad
More By:
BelgianGuy
Quiz
Plays
Rating
Category
Featured
Created
Top XIs: FC Barcelona
13,256
4.88
Sports
Feb 13, 2015
Top XIs: Real Madrid
13,047
4.93
Sports
Jul 10, 2013
Top XIs: AC Milan
12,422
4.80
Sports
Feb 20, 2015
Top XIs: Internazionale
11,084
4.86
Sports
Feb 12, 2015
Top XIs: AS Roma
11,049
5.00
Sports
Feb 10, 2015
Go to Creator's Profile
Score Distribution
Quiz Creator Spotlight
BelgianGuy
Follow
Send a Message
Quizzes Created
-
Created Quiz Play Count
-
More By This Creator
Popular Quizzes Today
1
Find the US States - No Outlines Minefield
2
Find the US States
3
The Countries of the World
4
10 Largest US States in Order
5
Find the Countries of Europe - No Outlines Minefield
6
US States
7
Guess the 'R' Things in 3 Words
8
NBA Finals Game Top Scorers (2010s)
More Gaming Quizzes
Mario Kart Items
Published
Trending Quizzes
First Name TV: Leading Men
Match the Book to the Film II
First Name TV: Leading Women Drama
Match the Book to the Film VI
Pick A Pair: Religious TV
Recently Updated
Women's Final Four Teams by Year
bhenderson79
Presidents Quartet II
eogle
Anything But Clue(do)
eogle
Anything But Oceanian Capitals
eogle
Anything But 7
eogle
Anything But Thing
eogle
Word Ladder: February 29
pecheneg
Song Title Questions
pecheneg
Women's NCAA Tournament #1 Seeds
pecheneg
Celebrity Mug Shots
pecheneg
Trending Topics
Harry Potter
Kpop
Crossword
NBA
Marvel
Disney
Anime
Song
WWE
Puzzle
Pokémon
Country
Soccer
The Office
NFL
Your Account Isn't Verified!
In order to create a playlist on Sporcle, you need to verify the email address you used during registration. Go to your
Sporcle Settings
to finish the process.
Report this User
Report this user for behavior that violates our
Community Guidelines
.
Details:
Send Report
Go to the Sporcle.com Mobile Site →
Comments